000 00415nam a2200157Ia 4500
005 20250319021035.0
008 240331s9999 xx 000 0 und d
082 _bNAZ
_a894
100 _aNazeerudeen, s
245 0 _aNachchu valayam
260 _aSainthamaruthu
_bSainthamaruthu Kalai Ilakkiya Veddam
_c2004
300 _a134 p .,
500 _aA novel based Muslim peoples
650 _aXvi, 134 p.,
942 _cL
999 _c3876
_d3876